Fragments I saved from the fire : (Record no. 13383)
[ view plain ]
| 000 -LEADER | |
|---|---|
| fixed length control field | 00657cam a2200229 a 4500 |
| 001 - CONTROL NUMBER | |
| control field | 2452756 |
| 003 - CONTROL NUMBER IDENTIFIER | |
| control field | OSt |
| 005 - DATE AND TIME OF LATEST TRANSACTION | |
| control field | 20160505123928.0 |
| 008 - FIXED-LENGTH DATA ELEMENTS--GENERAL INFORMATION | |
| fixed length control field | 890711s1989 cau 000 1 eng |
| 010 ## - LIBRARY OF CONGRESS CONTROL NUMBER | |
| LC control number | 89016251 |
| 020 ## - INTERNATIONAL STANDARD BOOK NUMBER | |
| International Standard Book Number | 0918949068 : |
| Terms of availability | $9.00 |
| 040 ## - CATALOGING SOURCE | |
| Original cataloging agency | SEKU |
| 043 ## - GEOGRAPHIC AREA CODE | |
| Geographic area code | n-us-ca |
| 050 00 - LIBRARY OF CONGRESS CALL NUMBER | |
| Classification number | PS 3551. S37 |
| Item number | F7 1989 |
| 100 1# - MAIN ENTRY--PERSONAL NAME | |
| Personal name | Ashley, Mary Anne, |
| Dates associated with a name | 1934- |
| 245 10 - TITLE STATEMENT | |
| Title | Fragments I saved from the fire : |
| Remainder of title | stories / |
| Statement of responsibility, etc. | by Mary Anne Ashley. |
| 250 ## - EDITION STATEMENT | |
| Edition statement | 1st ed. |
| 260 ## - PUBLICATION, DISTRIBUTION, ETC. (IMPRINT) | |
| Place of publication, distribution, etc. | Watsonville, Calif. : |
| Name of publisher, distributor, etc. | Papier-Mache Press, |
| Date of publication, distribution, etc. | c1989. |
| 300 ## - PHYSICAL DESCRIPTION | |
| Extent | 110 p. ; |
| Dimensions | 22 cm. |
| 651 #0 - SUBJECT ADDED ENTRY--GEOGRAPHIC NAME | |
| Geographic name | California |
| General subdivision | Social life and customs |
| -- | Fiction. |
| 942 ## - ADDED ENTRY ELEMENTS (KOHA) | |
| Source of classification or shelving scheme | Library of Congress Classification |
| Koha item type | General circulation |
| Withdrawn status | Lost status | Source of classification or shelving scheme | Damaged status | Not for loan | Home library | Current library | Shelving location | Date acquired | Source of acquisition | Total Checkouts | Full call number | Barcode | Date last seen | Price effective from | Koha item type | Public note |
|---|---|---|---|---|---|---|---|---|---|---|---|---|---|---|---|---|
| Library of Congress Classification | Main Campus Library | Main Campus Library | General Stacks | 05/05/2016 | Donation-Books for Africa | PS 3551. S37 F7 1989 | 2016/016111 | 05/05/2016 | 05/05/2016 | General circulation | A.K |